Progressively Harder Capital to Country Quiz - Africa - Statistics

General Stats
  • This quiz has been taken 104 times
  • The average score is 17 of 22
Answer Stats
Country Capital % Correct
Egypt Cairo
100%
Algeria Algiers
99%
Ethiopia Addis Ababa
95%
Libya Tripoli
90%
Nigeria Abuja
86%
Senegal Dakar
86%
Democratic Republic of the Congo Kinshasa
84%
Somalia Mogadishu
84%
Republic of the Congo Brazzaville
83%
Angola Luanda
82%
Seychelles Victoria
82%
Zimbabwe Harare
81%
Tanzania Dodoma
77%
Burkina Faso Ouagadougou
77%
Cameroon Yaoundé
74%
Chad N'Djamena
73%
Guinea Conakry
70%
Togo Lome
70%
Comoros Moroni
69%
Ivory Coast Yamoussoukro
65%
Equatorial Guinea Malabo
58%
Burundi Gitega
57%
No matching quizzes found
Score Distribution
Percent of People with Each Score
Percentile by Number Answered
Your Score History
You have not taken this quiz